Statistiques concernant Tous les joueurs appelés en Equipe de France depuis la 2ème étoile

Cliquez ici pour prendre le quiz!

Statistiques générales

  • Ce quiz a été pris 437 fois
    (102 depuis la dernière actualisation)
  • Le résultat moyen est 57 sur 74

Statistiques - réponses

POSTECLUBJOUEUR% Correct
GLos Angeles FCHugo Lloris
96%
ATTPSGKylian Mbappé
96%
ATTAtlético MadridAntoine Griezmann
93%
GWest HamAlphonse Aréola
92%
GRC LensBrice Samba
92%
GAC MilanMike Maignan
92%
MILAl-IttihadN'Golo Kanté
92%
ATTPSGOusmane Dembélé
92%
GStade RennaisSteve Mandanda
92%
DEFOMJonathan Clauss
91%
DEFPSGLucas Hernández
91%
ATTAC MilanOlivier Giroud
91%
ATTPSGRandal Kolo Muani
91%
DEFAC MilanThéo Hernández
91%
DEFBayern MunichDayot Upamecano
90%
ATTBayern MunichKingsley Coman
90%
DEFInter MilanBenjamin Pavard
89%
ATTAl-IttihadKarim Benzema
89%
MILOGC NiceKhéphren Thuram
89%
ATTInter MilanMarcus Thuram
89%
MILReal MadridEduardo Camavinga
88%
DEFPSGPresnel Kimpembe
88%
MILJuventusAdrien Rabiot
87%
MILOMJordan Veretout
87%
DEFManchester UnitedRaphaël Varane
87%
DEFFC LorientBenjamin Mendy
85%
DEFReal MadridFerland Mendy
85%
DEFLiverpoolIbrahima Konaté
85%
DEFFC BarceloneJules Koundé
85%
MILReal MadridAurélien Tchouaméni
84%
DEFChelseaWesley Fofana
84%
DEFArsenalWilliam Saliba
84%
MILAS MonacoYoussouf Fofana
84%
DEFESTAC TroyesAdil Rami
83%
ATTManchester UnitedAnthony Martial
83%
MILLazio RomeMattéo Guendouzi
83%
MILJuventusPaul Pogba
83%
ATTAS MonacoWissam Ben Yedder
83%
ATTChelseaChristopher Nkunku
82%
MILBétis SévilleNabil Fékir
81%
MILPSGWarren Zaïre-Emery
81%
ATTPSGBradley Barcola
80%
GFC NantesAlban Lafont
79%
MILInter MiamiBlaise Matuidi
79%
MILVasco da GamaDimitri Payet
79%
DEFAston VillaLucas Digne
79%
MILAtlético MadridThomas Lemar
79%
MILOLCorentin Tolisso
76%
ATTAston VillaMoussa Diaby
75%
DEFChelseaAxel Disasi
74%
ATTUdineseFlorian Thauvin
72%
DEFChelseaMalo Gusto
71%
MILFC NantesMoussa Sissoko
71%
DEFLOSCSamuel Umtiti
70%
MILKonyasporSteven Nzonzi
70%
DEFOGC NiceJean-Clair Todibo
69%
MILAston VillaBoubacar Kamara
65%
DEFChelseaBenoît Badiashile
64%
DEFPSGNordi Mukiele
64%
DEFWest HamKurt Zouma
62%
GMontpellierBenjamin Lecomte
57%
DEFAEK AthènesDjibril Sidibé
57%
ATTBor. M'gladbachAlassane Plea
56%
MILGalatasarayTanguy Ndombélé
54%
DEFRB LeipzigCastello Lukeba
53%
GUS SalernitanaBenoît Costil
52%
ATTFiorentinaJonathan Ikoné
52%
MILAS RomeHoussem Aouar
49%
DEFPSGLayvin Kurzawa
49%
DEFAston VillaClément Lenglet
48%
DEFRC LensRuben Aguilar
45%
DEFStade RennaisAdrien Truffert
44%
DEFMontpellierMamadou Sakho
42%
DEFİstanbul BaşakşehirLéo Dubois
37%

Distribution des résultats

Percentile par nombre de réponses

% des personnes avec chaque résultat

Votre développement - résultats

Vous n’avez pas pris ce quiz depuis la dernière actualisation